| 000 | 00643nmm a2200193Ia 4500 | ||
|---|---|---|---|
| 008 | 251105s9999||||xx |||||||||||||||||und|| | ||
| 020 | _a9788490643716 | ||
| 041 | _aspa | ||
| 100 | _aContreras Espinosa, Ruth S. | ||
| 245 | 0 |
_aJuegos multijugador : _b El poder de las redes en el entretenimiento |
|
| 264 |
_a[Madrid, España] : _bUniversitat Oberta de Catalunya, _c2014 |
||
| 300 | _a138 páginas | ||
| 650 | _aTechnology and computing | ||
| 700 | _aContreras Espinosa, Ruth S. | ||
| 700 | 1 | _a Eguia Gómez, José Luis | |
| 700 | 1 | _a Lozano Muñoz, Alejandro | |
| 856 | _uhttps://public.digitaliapublishing.com/a/36945 | ||
| 942 | _cCF | ||
| 999 |
_c64175 _d64175 |
||